000 00983cac a22002291u 4500
090 _c8976
008 081126t 2003xxu||||| |||| 00| 0 eng d
020 _a0130646202(pbk.)
082 _a657.45
_bARE
100 _aArens, Alvin A.
245 _aAuditing and assurance services : an integrated approach /
_cAlvin A. Arens, Randal J. Elder, Mark S. Beasley with Web content provided by J. Gregory Jenkins.
250 _aInternational ed., 9th ed.
260 _aUpper Saddle River, N.J. :
_bPearson Education International/ Prentice Hall,
_cc2003.
260 _bDistributer: Dar Fathy Taha Mohamed Desoukey
300 _axx, 765 p. :
_bill. ;
_c28 cm.
500 _aIncludes index.
650 _aAuditing.
700 _aElder, Randal J.
700 _aBeasley, Mark S.
942 _cBB
_k657.45ARE
_2ddc
999 _c8976
_d8976